00606nam a2200193Ia 4500008004100000020001800041082001200059100001700071245004200088250000800130260003800138300002300176500001900199600002000218650002000238942000700258952013000265999001700395240925s9999 xx 000 0 und d a9789332546080 a301 ATA aAtal, Yogesh 0aSociology: study of the social sphere a2nd aIndia:bPearson Educationc,2015. a296p.b0fOriginal aIncludes Index aSocial Sciences aSocial Sciences cBK 001040708SSaUITUbUITUd2019-01-21eAllied Book Companyg1019.20l0o301 ATApQ13808r2024-09-25 07:16:59w2024-09-25yBK c16307d16307